000 01120nam a2200265 4500
001 174575
003 ES-MaACL
005 20250709063231.0
008 100507s1784 sp p |||| | spa d
080 _a282(460)
100 1 _aFlórez, Enrique,
_d1702-1773
_9142679
240 1 0 _aEspaña sagrada
245 1 0 _aEspaña sagrada.
_nTomo XXXIV,
_pEl estado antiguo de la Santa iglesia esenta de Leon
_b: con varios documentos y escrituras concernientes à los puntos que en él se tratan : sacadas en la mayor parte de su archivo /
_csu autor, Manuel Risco.
260 _aMadrid :
_ben la imprente de Don Pedro Marin,
_c1784.
300 _a[26], 492 p., [2] h. de grab. ;
_c20 cm.
500 _aFaltan las 12 últimas p.
505 8 _aApéndices, p. 390-384
546 _aTexto en latín de p. 390 a 479.
594 _aManuel Risco es continuador de la España Sagrada de Enriquez Flórez.
651 4 _aLeón (Diócesis)-
_xHistoria eclesiástica.
_9142744
700 1 _aRisco, Manuel.
_997459
852 4 _aES-MaACL
_jR-1617-69
_x C-16767-818
999 _c174575
_d174575